[Event "BIH-chT 14th"]
[Site "Prijedor"]
[Date "2015.09.11"]
[Round "7.5"]
[White "Mihaljcic, Kosta"]
[Black "Sikman, Drago"]
[Result "1/2-1/2"]
[WhiteElo "2064"]
[BlackElo "2047"]
[PlyCount "84"]
[EventDate "2015.09.05"]
[EventType "team-tourn"]
[EventRounds "9"]
[EventCountry "BIH"]
[SourceTitle "EXT 2016"]
[Source "ChessBase"]
[SourceDate "2015.10.08"]
[SourceVersion "1"]
[SourceVersionDate "2015.10.08"]
[SourceQuality "1"]
[WhiteTeam "Samac"]
[BlackTeam "Cazin Ljiljan"]
[WhiteTeamCountry "BIH"]
[BlackTeamCountry "BIH"]

1. d4 e6 2. c4 d5 3. Nf3 Bb4+ 4. Bd2 Bxd2+ 5. Nbxd2 Nf6 6. e3 0-0 7. Bd3 c5 8. cxd5 cxd4 9. exd4 Qxd5 10. 0-0 Nc6 11. Bc4 Qd6 12. Nb3 b6 13. Qe2 Bb7 14. Ba6 Bxa6 15. Qxa6 Nb4 16. Qe2 Rad8 17. a3 Nbd5 18. Rfd1 Nf4 19. Qe5 Ng6 20. Qxd6 Rxd6 21. g3 Rfd8 22. Re1 Rc6 23. Rac1 Rxc1 24. Rxc1 Nd5 25. Kf1 Kf8 26. Ke2 Ke7 27. Ne5 Ra8 28. Nd2 f6 29. Nxg6+ hxg6 30. h4 Rb8 31. Ne4 Kd7 32. Kd3 Rh8 33. Rc2 Rb8 34. Rc1 Rd8 35. Rc2 Ke7 36. Ke2 Rd7 37. Rc4 Nc7 38. Ke3 Nb5 39. a4 Nd6 40. Nxd6 Kxd6 41. Kd3 Kd5 42. b3 Kd6 1/2-1/2

[Event "Srpska Republic-chT 1st League"]
[Site "Banja Vrucica"]
[Date "2011.08.06"]
[Round "1"]
[White "Ivanovic, Dragoslav"]
[Black "Mihaljcic, Kosta"]
[Result "1/2-1/2"]
[WhiteElo "2137"]
[BlackElo "2067"]
[PlyCount "56"]
[EventDate "2011.08.06"]
[EventType "team-tourn"]
[EventRounds "9"]
[EventCountry "BIH"]
[SourceTitle "EXT 2019"]
[Source "ChessBase"]
[SourceDate "2018.10.10"]
[SourceVersion "1"]
[SourceVersionDate "2018.10.10"]
[SourceQuality "1"]

1. e4 c5 2. Nf3 e6 3. b3 Nc6 4. Bb2 d6 5. Nc3 a6 6. d4 cxd4 7. Nxd4 Bd7 8. g3 Nf6 9. Bg2 Be7 10. 0-0 Qc7 11. Re1 0-0 12. Qd2 Rfe8 13. Nd1 Nxd4 14. Qxd4 e5 15. Qd3 b5 16. Ne3 Bc6 17. Rac1 Rad8 18. c4 Qb7 19. Nd5 Nxd5 20. cxd5 Bd7 21. h4 Rc8 22. b4 Rxc1 23. Rxc1 Rc8 24. Rxc8+ Qxc8 25. Kh2 h6 26. Qc3 Qxc3 27. Bxc3 g5 28. hxg5 hxg5 1/2-1/2